000 01341nas a2200361 4500
001 BR8300592
003 BR-BrBNA
005 20231205085426.0
007 ta
008 230509b bl.|||p| |||| 00| 00por d
040 _aBR-BrBNA
_bpor
_cBiblioteca Nacional de Agricultura
041 _a(Pt)
072 _aF22
100 1 _aMello, F. de A.F. de
100 1 _aFreire, F.M.
100 1 _aCasagrande, J.C.
100 1 _aChitolina, J.C.
100 1 _aPedras, J.F.
100 1 _aStolf, R.
245 1 _aEfeitos da incorporacao de capim carrapicho Cenchrus echinatus (L.)sobre o pH, H+, Al3+ e capacidade de retencao de umidade de solos no municipio de Piracicaba [hidrogenio, aluminio, Sao Paulo, Brasil]
246 1 _aEffects of the incorporation of capim carrapicho Cenchrus echinatus (L.), on the pH, H+, Al3+ and humidity retention capacity of soils from the municipality of Piracicaba [hydrogen, aluminium, Sao Paulo, Brazil]
650 _aCAPIM CARRAPICHO
650 _aMATERIA ORGANICA
650 _aSOLO
650 _aHIDROGENIO
650 _aALUMINIO
650 _aUMIDADE DO SOLO
650 _aPIRACICABA
650 _aSAO PAULO
773 0 _tRevista de Agricultura (Brazil)
_xISSN 0034-7655
_g(Nov 1982), v. 57(3) p. 193-202
_wBR8300592
909 _a202311
_bLúcia
_c55
_dLúcia Elande
942 _2AGRIS
_n0
_cANA
999 _c111367
_d111367